Loading...
Water management and planning
| Hovedforfatter: | |
|---|---|
| Format: | Printed Book |
| Sprog: | Undetermined |
| Udgivet: |
Bombay
Himalaya publishing house
1987
|
| Fag: |
| LEADER | 00507nam a2200157Ia 4500 | ||
|---|---|---|---|
| 008 | 140316s9999 xx 000 0 und d | ||
| 020 | |||
| 082 | |a 631.587 |b PIL/WA | ||
| 100 | |a Pillai K M | ||
| 245 | |a Water management and planning | ||
| 260 | |a Bombay |b Himalaya publishing house |c 1987 | ||
| 300 | |a 148 | ||
| 650 | |a Irrigation | ||
| 942 | |2 ddc |c BK | ||
| 999 | |c 2402 |d 2402 | ||
| 952 | |0 0 |1 0 |2 ddc |4 0 |6 631_587000000000000_PILWA |7 0 |9 2728 |a KAUCLV |b KAUCLV |c GENERAL |d 2014-03-18 |o 631.587 PIL/WA |p 204794 |r 2014-03-18 |w 2014-03-18 |y BK | ||